[Event "Chess24 Banter Blitz Cup"]
[Site "chess24.com INT"]
[Date "2019.12.20"]
[Round "2.5"]
[White "Hammer, Jon Ludvig"]
[Black "Movsesian, Sergei"]
[Result "0-1"]
[WhiteTitle "GM"]
[BlackTitle "GM"]
[WhiteElo "2635"]
[BlackElo "2654"]
[WhiteFideId "1503707"]
[BlackFideId "310204"]
[EventDate "2019.09.25"]
[EventType "blitz"]

1. e4 d6 2. d4 Nf6 3. Nc3 Nbd7 4. Nf3 e5 5. Be2 Be7 6. O-O O-O 7. a4 c6 8. Re1
Qc7 9. Bf1 b6 10. b3 Bb7 11. Bb2 Rfe8 12. g3 Bf8 13. Bg2 Rad8 14. Qd2 h6 15.
Rad1 a6 16. Ba3 b5 17. axb5 axb5 18. dxe5 Nxe5 19. Bb2 b4 20. Na4 c5 21. Nxe5
dxe5 22. Qe2 Bc6 23. f3 Nd7 24. Bf1 Be7 25. Bc1 Nf8 26. Nb2 Ne6 27. Be3 Nd4 28.
Qf2 Ra8 29. Ra1 Bg5 30. Bxd4 cxd4 31. Nc4 Bb5 32. Kg2 g6 33. Bd3 Kg7 34. Rf1 Bf6
35. Qe2 Ra7 36. Nb2 Rxa1 37. Rxa1 Bd7 38. Bc4 Bg5 39. Nd3 Rb8 40. Ra6 Be3 41.
Qf1 Bc8 42. Ra4 Qd7 43. Kh1 Qd6 44. Ra7 Rb7 45. Qa1 Rxa7 46. Qxa7 Qf6 47. Kg2 h5
48. h4 Bd2 49. Nxe5 Be6 50. Bxe6 Qxe6 51. Nd3 Be3 52. Qc5 Qa6 53. Qe5+ Kg8 54.
Qe8+ Kg7 55. Ne5 Qe2+ 56. Kh3 Qf1+ 57. Kh2 Qg1+ 58. Kh3 Qh1# 0-1

[Event "Chess24 Banter Blitz Cup"]
[Site "chess24.com INT"]
[Date "2019.12.20"]
[Round "2.6"]
[White "Movsesian, Sergei"]
[Black "Hammer, Jon Ludvig"]
[Result "0-1"]
[WhiteTitle "GM"]
[BlackTitle "GM"]
[WhiteElo "2654"]
[BlackElo "2635"]
[WhiteFideId "310204"]
[BlackFideId "1503707"]
[EventDate "2019.09.25"]
[EventType "blitz"]

1. e4 e5 2. Nf3 Nc6 3. Be2 Nf6 4. d3 d5 5. Nbd2 g6 6. O-O Bg7 7. c3 O-O 8. b4 a6
9. a3 Re8 10. Bb2 h6 11. Re1 b6 12. Bf1 Bb7 13. Qc2 Qd7 14. Rad1 Rad8 15. h3 Qc8
16. g3 dxe4 17. dxe4 Nh7 18. Kh2 Ng5 19. Nh4 h5 20. Qb3 Kh7 21. Bg2 Bh6 22. Ndf3
Nxf3+ 23. Bxf3 Qe6 24. Qc2 Bc8 25. Bg2 Rxd1 26. Rxd1 Rd8 27. Rd5 Qe7 28. Qd3 Be6
29. Rxd8 Qxd8 30. Qxd8 Nxd8 31. Bf1 b5 32. Nf3 f6 33. Kg2 Nb7 34. a4 bxa4 35.
Bxa6 Nd6 36. Bd3 Nc4 37. Bxc4 Bxc4 38. Ne1 Be2 39. f3 Be3 40. Nc2 Bb6 41. Bc1
Kg7 42. g4 h4 43. Na3 g5 44. c4 Bd4 45. Nb5 Bxc4 46. Nxc7 Kf7 47. Nd5 Bxd5 48.
exd5 Ke7 49. Kf1 Kd6 50. Ke2 Kxd5 51. Kd3 Bb6 52. Ba3 Bc7 53. b5 Bd6 54. Bc1 Bc5
55. Bb2 Bb4 56. b6 Kc6 57. Ke4 Kxb6 58. Kf5 a3 59. Ba1 Kc5 60. Kxf6 Kc4 61. Kxg5
Bc3 62. Bxc3 Kxc3 63. Kh6 a2 64. g5 a1=Q 65. g6 Qa6 66. Kh7 Qd3 67. Kh6 Qxf3 68.
g7 Qf6+ 69. Kh7 Qf7 70. Kh6 Qg8 71. Kg6 e4 0-1

[Event "Chess24 Banter Blitz Cup"]
[Site "chess24.com INT"]
[Date "2019.12.20"]
[Round "2.7"]
[White "Hammer, Jon Ludvig"]
[Black "Movsesian, Sergei"]
[Result "1-0"]
[WhiteTitle "GM"]
[BlackTitle "GM"]
[WhiteElo "2635"]
[BlackElo "2654"]
[WhiteFideId "1503707"]
[BlackFideId "310204"]
[EventDate "2019.09.25"]
[EventType "blitz"]

1. e4 d6 2. d4 Nf6 3. Nc3 Nbd7 4. Nf3 e5 5. Bc4 Be7 6. a4 O-O 7. O-O a6 8. a5 b5
9. axb6 cxb6 10. Re1 Bb7 11. Bf1 b5 12. d5 Nc5 13. b4 Ncd7 14. Nd2 Rc8 15. Bb2
Ne8 16. Nb3 f5 17. Na5 Qb6 18. Nxb7 Qxb7 19. exf5 Rxf5 20. g3 Qb6 21. Qe2 Rf7
22. Bh3 Bg5 23. Ne4 Bh6 24. Be6 Nc7 25. Qg4 Rf8 26. Bxd7 Rxf2 27. Nxf2 Qxf2+ 28.
Kh1 Qxc2 29. Re2 Qd3 30. Qe4 Qb3 31. Kg2 g6 32. Rf1 Rxf1 33. Kxf1 Qd1+ 34. Kg2
Bg5 35. Be6+ Kg7 36. Rf2 Bf6 37. Qf3 1-0

[Event "Chess24 Banter Blitz Cup"]
[Site "chess24.com INT"]
[Date "2019.12.20"]
[Round "2.8"]
[White "Movsesian, Sergei"]
[Black "Hammer, Jon Ludvig"]
[Result "1-0"]
[WhiteTitle "GM"]
[BlackTitle "GM"]
[WhiteElo "2654"]
[BlackElo "2635"]
[WhiteFideId "310204"]
[BlackFideId "1503707"]
[EventDate "2019.09.25"]
[EventType "blitz"]

1. e4 e5 2. Nf3 Nf6 3. d4 Nxe4 4. Bd3 d5 5. Nxe5 Bd6 6. O-O O-O 7. c4 c5 8. cxd5
Nf6 9. Nc4 cxd4 10. Bg5 h6 11. Bh4 g5 12. Nxd6 Qxd6 13. Bg3 Qxd5 14. Nd2 Nc6 15.
Rc1 Bf5 16. Bc4 Qd7 17. Bb5 Rfe8 18. Nb3 Rad8 19. Nc5 Qc8 20. Nxb7 Qxb7 21. Bxc6
Qxb2 22. Qf3 Re6 23. Qxf5 Rc8 24. Rb1 Qxa2 25. Bb7 Rc2 26. h4 g4 27. Rbd1 Qb3
28. Rb1 Qc4 29. Qf4 Kg7 30. h5 d3 31. Rfd1 Qc3 32. Bh4 d2 33. Bxf6+ Rxf6 34.
Qxg4+ Kh8 35. Bf3 Qc8 36. Qxc8+ Rxc8 37. Rxd2 1-0

[Event "Chess24 Banter Blitz Cup"]
[Site "chess24.com INT"]
[Date "2019.12.20"]
[Round "2.9"]
[White "Hammer, Jon Ludvig"]
[Black "Movsesian, Sergei"]
[Result "1-0"]
[WhiteTitle "GM"]
[BlackTitle "GM"]
[WhiteElo "2635"]
[BlackElo "2654"]
[WhiteFideId "1503707"]
[BlackFideId "310204"]
[EventDate "2019.09.25"]
[EventType "blitz"]

1. e4 c5 2. Nf3 Nc6 3. Bb5 d6 4. O-O Bd7 5. Re1 Nf6 6. c3 a6 7. Bf1 Bg4 8. d3 g6
9. Nbd2 Bg7 10. h3 Bxf3 11. Nxf3 O-O 12. d4 cxd4 13. cxd4 Rc8 14. a3 e6 15. Qb3
Na5 16. Qb4 d5 17. e5 Ne4 18. Be3 Re8 19. Rec1 Rxc1 20. Rxc1 b5 21. Bd3 Bf8 22.
Qe1 Nc4 23. Qe2 Qd7 24. Nh2 Rc8 25. Bxe4 dxe4 26. Ng4 Bg7 27. Rd1 h5 28. Nf6+
Bxf6 29. exf6 Qd5 30. g4 hxg4 31. hxg4 Nd6 32. Bf4 Ne8 33. Be5 Qb3 34. Re1 Qh3
35. Qxe4 Kf8 36. d5 exd5 37. Qf4 Rc6 38. b3 Re6 39. Re3 Qh4 40. Kg2 g5 41. Qf5
Qh6 42. Rh3 Rxe5 43. Qxe5 Qxf6 44. Rh8+ Kg7 45. Qxe8 1-0

[Event "Chess24 Banter Blitz Cup"]
[Site "chess24.com INT"]
[Date "2019.12.20"]
[Round "2.10"]
[White "Movsesian, Sergei"]
[Black "Hammer, Jon Ludvig"]
[Result "1/2-1/2"]
[WhiteTitle "GM"]
[BlackTitle "GM"]
[WhiteElo "2654"]
[BlackElo "2635"]
[WhiteFideId "310204"]
[BlackFideId "1503707"]
[EventDate "2019.09.25"]
[EventType "blitz"]

1. Nf3 Nf6 2. g3 d5 3. Bg2 e6 4. O-O Be7 5. d3 O-O 6. Nbd2 Nc6 7. e4 e5 8. c3
Re8 9. Re1 dxe4 10. dxe4 a5 11. a4 Nd7 12. Nc4 Bf8 13. Bg5 f6 14. Be3 Nc5 15.
Qc2 Qd3 16. Qxd3 Nxd3 17. Red1 Nc5 18. Ne1 Be6 19. Nd2 Red8 20. Bf1 b6 21. f3 h5
22. Bb5 Na7 23. Be2 Nc6 24. Kf2 g6 25. h4 Kf7 26. Bb5 Na7 27. Be2 Nc6 28. Bb5
Na7 29. Bf1 Nc6 30. Bb5 1/2-1/2

[Event "Chess24 Banter Blitz Cup"]
[Site "chess24.com INT"]
[Date "2019.12.20"]
[Round "2.11"]
[White "Hammer, Jon Ludvig"]
[Black "Movsesian, Sergei"]
[Result "1/2-1/2"]
[WhiteTitle "GM"]
[BlackTitle "GM"]
[WhiteElo "2635"]
[BlackElo "2654"]
[WhiteFideId "1503707"]
[BlackFideId "310204"]
[EventDate "2019.09.25"]
[EventType "blitz"]

1. e4 d6 2. d4 Nf6 3. Nc3 Nbd7 4. Nf3 e5 5. Bc4 Be7 6. O-O O-O 7. a4 c6 8. a5
Qc7 9. Re1 h6 10. b3 Re8 11. Bb2 Rb8 12. h3 b5 13. axb6 axb6 14. Bd3 b5 15. Ne2
Bf8 16. Ng3 g6 17. Qc1 c5 18. dxe5 dxe5 19. c4 b4 20. Nf1 Bb7 21. Qc2 Qc6 22.
Rad1 Rbd8 23. Qb1 Bg7 24. Qc2 Kh7 25. Qb1 Ba8 26. Qc2 Bb7 27. Qb1 Nh5 28. Ne3
Nf4 29. Nd5 Ne6 30. Qc1 Nd4 31. Nxd4 exd4 32. f4 Ra8 33. e5 Nb6 34. Be4 Nxd5 35.
cxd5 Qd7 36. Qxc5 Ra2 37. Qxd4 Rc8 38. Ra1 Rca8 39. Rxa2 Rxa2 40. Ra1 Rxa1+ 41.
Bxa1 Qc8 42. Kh2 Qc1 43. g3 Ba6 44. Bb2 Qe1 45. d6 Qe2+ 46. Kh1 Qf1+ 47. Kh2
Qe2+ 48. Kh1 Qf1+ 49. Kh2 Qe2+ 1/2-1/2

[Event "Chess24 Banter Blitz Cup"]
[Site "chess24.com INT"]
[Date "2019.12.20"]
[Round "2.12"]
[White "Movsesian, Sergei"]
[Black "Hammer, Jon Ludvig"]
[Result "0-1"]
[WhiteTitle "GM"]
[BlackTitle "GM"]
[WhiteElo "2654"]
[BlackElo "2635"]
[WhiteFideId "310204"]
[BlackFideId "1503707"]
[EventDate "2019.09.25"]
[EventType "blitz"]

1. e4 e5 2. Nf3 Nc6 3. Bc4 Nf6 4. d3 h6 5. O-O d6 6. a4 g6 7. a5 Bg7 8. c3 O-O
9. Re1 a6 10. Nbd2 Be6 11. h3 Bxc4 12. Nxc4 Re8 13. Qb3 Rb8 14. Ne3 Ne7 15. Bd2
Qd7 16. Nh2 d5 17. Neg4 Nxg4 18. Nxg4 dxe4 19. Bxh6 exd3 20. Bxg7 Kxg7 21. Nxe5
Qf5 22. Re3 Nc6 23. Ng4 Nxa5 24. Qa4 Nc6 25. Rf3 Qe4 26. Qb3 f5 27. Ne3 Ne5 28.
Rg3 f4 29. Ra4 Qxa4 30. Qxa4 fxg3 31. f4 Nc6 32. Nf1 Re1 33. f5 d2 34. Qg4 d1=Q
35. Qxg6+ Kf8 36. Qf6+ Ke8 37. Qg6+ Kd7 38. Qf7+ Ne7 0-1

[Event "Chess24 Banter Blitz Cup"]
[Site "chess24.com INT"]
[Date "2019.12.28"]
[Round "2.1"]
[White "Saric, Ivan"]
[Black "Quesada Perez, Yasser"]
[Result "1/2-1/2"]
[WhiteTitle "GM"]
[BlackTitle "GM"]
[WhiteElo "2667"]
[BlackElo "2582"]
[WhiteFideId "14508150"]
[BlackFideId "3509362"]
[EventDate "2019.09.25"]
[EventType "blitz"]

1. e4 e5 2. Nf3 Nc6 3. Bb5 a6 4. Ba4 Nf6 5. O-O b5 6. Bb3 Bb7 7. Re1 Bc5 8. c3
O-O 9. d4 Bb6 10. Bg5 Re8 11. Nbd2 h6 12. Bh4 d6 13. Bd5 g5 14. Nxg5 Nxd5 15.
exd5 hxg5 16. dxc6 Bxc6 17. Qg4 f6 18. Bg3 Qd7 19. Qxd7 Bxd7 20. Ne4 Kf7 21.
dxe5 dxe5 22. Rad1 Bf5 23. h4 g4 24. Kf1 Rad8 25. Rxd8 Rxd8 26. h5 Rh8 27. Nxf6
Rh6 28. Nd5 Rxh5 29. Nxb6 Rh1+ 30. Ke2 Rxe1+ 31. Kxe1 cxb6 32. Bxe5 Be4 33. g3
Ke6 34. Bd4 1/2-1/2

[Event "Chess24 Banter Blitz Cup"]
[Site "chess24.com INT"]
[Date "2019.12.28"]
[Round "2.2"]
[White "Quesada Perez, Yasser"]
[Black "Saric, Ivan"]
[Result "1/2-1/2"]
[WhiteTitle "GM"]
[BlackTitle "GM"]
[WhiteElo "2582"]
[BlackElo "2667"]
[WhiteFideId "3509362"]
[BlackFideId "14508150"]
[EventDate "2019.09.25"]
[EventType "blitz"]

1. e4 c5 2. Nf3 d6 3. d4 cxd4 4. Qxd4 Nf6 5. Be2 Nc6 6. Qe3 g6 7. h3 Bg7 8. O-O
O-O 9. Rd1 Be6 10. Nc3 Rc8 11. Qf4 a6 12. Qh4 Qa5 13. a3 b5 14. Bh6 Ne5 15. Ng5
Rxc3 16. bxc3 Qxc3 17. Bd3 Nxd3 18. cxd3 Bb3 19. Rac1 Qb2 20. Re1 Qxa3 21. Rc7
Qb4 22. Rb1 a5 23. Rxe7 Qc3 24. Bxg7 Kxg7 25. Rxb3 Qxb3 26. Ne6+ Qxe6 27. Rxe6
fxe6 28. Qf4 e5 29. Qc1 Rf7 30. Qc6 b4 31. Qxd6 b3 32. Qxe5 a4 33. Qb2 Rb7 34.
e5 Nd5 35. e6+ Kg8 36. Kh2 Nf4 37. Qd4 b2 38. Qd8+ Kg7 39. e7 Ne6 40. Qd6 Kf7
41. e8=Q+ Kxe8 42. Qxe6+ Kd8 43. Qd6+ Kc8 44. Qc6+ Kb8 45. Qe8+ Kc7 46. Qe7+ Kc8
47. Qe8+ Kc7 48. Qe7+ Kc8 49. Qe8+ Kc7 1/2-1/2

[Event "Chess24 Banter Blitz Cup"]
[Site "chess24.com INT"]
[Date "2019.12.28"]
[Round "2.3"]
[White "Saric, Ivan"]
[Black "Quesada Perez, Yasser"]
[Result "1-0"]
[WhiteTitle "GM"]
[BlackTitle "GM"]
[WhiteElo "2667"]
[BlackElo "2582"]
[WhiteFideId "14508150"]
[BlackFideId "3509362"]
[EventDate "2019.09.25"]
[EventType "blitz"]

1. e4 e5 2. Nf3 Nc6 3. Bb5 a6 4. Ba4 Nf6 5. O-O b5 6. Bb3 Bb7 7. Re1 Bc5 8. c3
O-O 9. d4 Bb6 10. Be3 d6 11. h3 Re8 12. Nbd2 h6 13. Bc2 exd4 14. cxd4 Nb4 15.
Bb1 c5 16. d5 c4 17. a3 Nd3 18. Bxd3 cxd3 19. Qb3 Nxe4 20. Bxb6 Nxd2 21. Rxe8+
Qxe8 22. Nxd2 Qe2 23. Be3 Rc8 24. Qd1 Rc2 25. Qxe2 dxe2 26. Re1 Rxb2 27. Rxe2
Ra2 28. Bf4 Rxa3 29. Bxd6 Ra2 30. Re8+ Kh7 31. Nf1 Bxd5 32. Ne3 Be6 33. Ra8 a5
34. Bc7 a4 35. Bd6 Rb2 36. g4 Rd2 37. Ra6 Rb2 38. Kg2 Rb3 39. Kg3 Rd3 40. h4 Rb3
41. h5 Rb1 42. Kf4 Rb2 43. f3 Rb3 44. Ke4 Rc3 45. f4 Rc1 46. f5 Bb3 47. Be5 Re1
48. f6 gxf6 49. Bxf6 b4 50. Ra8 1-0

[Event "Chess24 Banter Blitz Cup"]
[Site "chess24.com INT"]
[Date "2019.12.28"]
[Round "2.4"]
[White "Quesada Perez, Yasser"]
[Black "Saric, Ivan"]
[Result "0-1"]
[WhiteTitle "GM"]
[BlackTitle "GM"]
[WhiteElo "2582"]
[BlackElo "2667"]
[WhiteFideId "3509362"]
[BlackFideId "14508150"]
[EventDate "2019.09.25"]
[EventType "blitz"]

1. e4 c6 2. c4 d5 3. exd5 cxd5 4. cxd5 Nf6 5. Qa4+ Nbd7 6. Nc3 g6 7. Nf3 Bg7 8.
Bc4 a6 9. Qa3 O-O 10. O-O Rb8 11. Bb3 b5 12. Qb4 a5 13. Qh4 a4 14. Bc2 Ba6 15.
d3 Nb6 16. Bf4 Rc8 17. d6 exd6 18. a3 Nbd5 19. Bg5 Nxc3 20. bxc3 Rxc3 21. Nd4
Rc5 22. Bd1 Rxg5 23. Qxg5 Nd7 24. Qxd8 Rxd8 25. Nc6 Bxa1 26. Nxd8 Bb2 27. Bf3
Bxa3 28. Bd5 b4 29. Nxf7 Kg7 30. Nxd6 Bxd3 31. Rd1 Bc2 32. Re1 b3 33. Re7+ Kf6
34. Rxd7 b2 35. Ba2 Bb3 36. Bb1 Ke6 37. Nb5 Kxd7 38. Nxa3 Kd6 39. Kf1 Kc5 40.
Ke2 Kb4 41. Nc2+ Bxc2 42. Bxc2 a3 0-1

[Event "Chess24 Banter Blitz Cup"]
[Site "chess24.com INT"]
[Date "2019.12.28"]
[Round "2.5"]
[White "Saric, Ivan"]
[Black "Quesada Perez, Yasser"]
[Result "0-1"]
[WhiteTitle "GM"]
[BlackTitle "GM"]
[WhiteElo "2667"]
[BlackElo "2582"]
[WhiteFideId "14508150"]
[BlackFideId "3509362"]
[EventDate "2019.09.25"]
[EventType "blitz"]

1. e4 e5 2. Nf3 Nc6 3. Bc4 Bc5 4. O-O Nf6 5. d3 d6 6. c3 a6 7. a4 Ba7 8. Re1 h6
9. Nbd2 g5 10. Nf1 g4 11. N3d2 h5 12. b4 h4 13. g3 hxg3 14. hxg3 Nh5 15. Ne3 Nf4
16. Ndf1 Qg5 17. gxf4 Qh4 18. Ng3 exf4 19. Ng2 Qxg3 20. d4 Qh2+ 0-1

[Event "Chess24 Banter Blitz Cup"]
[Site "chess24.com INT"]
[Date "2019.12.28"]
[Round "2.6"]
[White "Quesada Perez, Yasser"]
[Black "Saric, Ivan"]
[Result "0-1"]
[WhiteTitle "GM"]
[BlackTitle "GM"]
[WhiteElo "2582"]
[BlackElo "2667"]
[WhiteFideId "3509362"]
[BlackFideId "14508150"]
[EventDate "2019.09.25"]
[EventType "blitz"]

1. e4 c6 2. c4 d5 3. exd5 cxd5 4. cxd5 Nf6 5. Qa4+ Nbd7 6. Nc3 g6 7. Nf3 Bg7 8.
Bc4 a6 9. Qa3 O-O 10. d3 b6 11. O-O Bb7 12. Re1 b5 13. Bb3 Re8 14. Qb4 Nb6 15.
Qh4 b4 16. Ne4 Nbxd5 17. Neg5 h6 18. Nxf7 Kxf7 19. Ne5+ Kg8 20. Bxh6 e6 21. Bxg7
Kxg7 22. Qg5 Ne7 23. Bxe6 Qd6 24. Bf7 Nh7 25. Qh4 Nf5 26. Qf4 Re7 27. Bxg6 Rxe5
28. Rxe5 Qxg6 29. g3 Rf8 30. Rae1 Ng5 31. Qxb4 Nh3+ 32. Kf1 Nxg3+ 0-1

[Event "Chess24 Banter Blitz Cup"]
[Site "chess24.com INT"]
[Date "2019.12.28"]
[Round "2.7"]
[White "Saric, Ivan"]
[Black "Quesada Perez, Yasser"]
[Result "1-0"]
[WhiteTitle "GM"]
[BlackTitle "GM"]
[WhiteElo "2667"]
[BlackElo "2582"]
[WhiteFideId "14508150"]
[BlackFideId "3509362"]
[EventDate "2019.09.25"]
[EventType "blitz"]

1. e4 e5 2. Nf3 Nc6 3. Bc4 Bc5 4. O-O Nf6 5. d3 d6 6. c3 a6 7. a4 Ba7 8. Re1 h6
9. Nbd2 g5 10. b4 g4 11. Nh4 Nxe4 12. Nxe4 Qxh4 13. Qb3 Qe7 14. d4 Bf5 15. a5
Bg6 16. b5 axb5 17. Qxb5 Kf8 18. Qxb7 Kg7 19. Qxc6 f5 20. Ng3 f4 21. Bxf4 1-0

[Event "Chess24 Banter Blitz Cup"]
[Site "chess24.com INT"]
[Date "2019.12.28"]
[Round "2.8"]
[White "Quesada Perez, Yasser"]
[Black "Saric, Ivan"]
[Result "1-0"]
[WhiteTitle "GM"]
[BlackTitle "GM"]
[WhiteElo "2582"]
[BlackElo "2667"]
[WhiteFideId "3509362"]
[BlackFideId "14508150"]
[EventDate "2019.09.25"]
[EventType "blitz"]

1. e4 c6 2. c4 g6 3. Nc3 Bg7 4. g3 e5 5. Bg2 d6 6. Nge2 Nf6 7. O-O O-O 8. d3 a5
9. a3 Na6 10. Rb1 Rb8 11. b4 axb4 12. axb4 b5 13. cxb5 cxb5 14. Bg5 h6 15. Bxf6
Bxf6 16. Nd5 Bg7 17. Ra1 Nc7 18. Nec3 Nxd5 19. Nxd5 Be6 20. Ne3 h5 21. h4 Bh6
22. Nd5 Bxd5 23. exd5 Rc8 24. Ra6 Qd7 25. Qe2 Rc3 26. Rc6 Rb3 27. Ra1 Rd8 28.
Raa6 Qe7 29. Qe4 Rb1+ 30. Kh2 f5 31. Qe2 Rxb4 32. Qc2 f4 33. Rc7 fxg3+ 34. fxg3
Rxh4+ 35. Bh3 Rxh3+ 36. Kxh3 Qg5 37. Raa7 Rf8 38. Qe2 Qf5+ 39. Kg2 h4 40. Rh7
Qg5 41. Qe1 hxg3 42. Qxg3 Qd2+ 43. Kh3 Bg5 44. Rag7# 1-0

[Event "Chess24 Banter Blitz Cup"]
[Site "chess24.com INT"]
[Date "2019.12.28"]
[Round "2.9"]
[White "Saric, Ivan"]
[Black "Quesada Perez, Yasser"]
[Result "1-0"]
[WhiteTitle "GM"]
[BlackTitle "GM"]
[WhiteElo "2667"]
[BlackElo "2582"]
[WhiteFideId "14508150"]
[BlackFideId "3509362"]
[EventDate "2019.09.25"]
[EventType "blitz"]

1. e4 e5 2. Nf3 Nc6 3. Bc4 Bc5 4. O-O Nf6 5. d3 d6 6. c3 a6 7. a4 Ba7 8. Re1 h6
9. Nbd2 g5 10. b4 g4 11. Nh4 Nxe4 12. Nxe4 Qxh4 13. Qb3 Qe7 14. d4 Bf5 15. a5
Kf8 16. b5 axb5 17. Qxb5 Nd8 18. Ba3 Kg7 19. Nxd6 cxd6 20. Rxe5 Bd7 21. Rxe7
Bxb5 22. Bxb5 Bb8 23. Bb4 Kf6 24. Rae1 Nc6 25. Rxb7 Nxa5 26. Rd7 Nb3 27. Bxd6
Bxd6 28. Rxd6+ Kg7 29. Rd7 Nd2 30. h4 Ra3 31. Re8 Rxe8 32. Kh2 Rxc3 33. Rb7 g3+
34. fxg3 Nf1+ 35. Bxf1 Re1 36. Bb5 Rcc1 37. g4 h5 38. gxh5 Re3 39. d5 Rb1 40. d6
Rd1 41. d7 Re4 42. Kg3 Re3+ 43. Kf2 Re4 44. Rb8 Red4 45. Re8 Rd5 46. Be2 1-0

[Event "Chess24 Banter Blitz Cup"]
[Site "chess24.com INT"]
[Date "2019.12.28"]
[Round "2.10"]
[White "Quesada Perez, Yasser"]
[Black "Saric, Ivan"]
[Result "1/2-1/2"]
[WhiteTitle "GM"]
[BlackTitle "GM"]
[WhiteElo "2582"]
[BlackElo "2667"]
[WhiteFideId "3509362"]
[BlackFideId "14508150"]
[EventDate "2019.09.25"]
[EventType "blitz"]

1. e4 c5 2. Nf3 Nc6 3. Bb5 g6 4. Bxc6 dxc6 5. d3 Bg7 6. O-O e5 7. Nc3 Ne7 8. Be3
b6 9. h3 h6 10. Nh2 f5 11. f4 exf4 12. Bxf4 g5 13. Qh5+ Kd7 14. Bd2 f4 15. g3
fxg3 16. Ng4 Qe8 17. Rf7 Kd8 18. Raf1 Be6 19. e5 Bxf7 20. Rxf7 Rf8 21. e6 Rxf7
22. exf7 Qd7 23. Ne4 Kc7 24. Ngf6 Bxf6 25. Qxh6 Bd4+ 26. Kg2 Nf5 27. f8=Q Rxf8
28. Qxf8 Nh4+ 29. Kxg3 Nf5+ 30. Kg2 Nh4+ 31. Kg3 Nf5+ 32. Kg4 Ng7+ 33. Kg3 Nf5+ 1/2-1/2

[Event "Chess24 Banter Blitz Cup"]
[Site "chess24.com INT"]
[Date "2019.12.28"]
[Round "2.11"]
[White "Saric, Ivan"]
[Black "Quesada Perez, Yasser"]
[Result "1-0"]
[WhiteTitle "GM"]
[BlackTitle "GM"]
[WhiteElo "2667"]
[BlackElo "2582"]
[WhiteFideId "14508150"]
[BlackFideId "3509362"]
[EventDate "2019.09.25"]
[EventType "blitz"]

1. e4 e5 2. Nf3 Nc6 3. Bc4 Bc5 4. O-O Nf6 5. d3 d6 6. c3 a6 7. a4 Ba7 8. Re1 h6
9. Nbd2 O-O 10. h3 Ne7 11. Nf1 Ng6 12. Ng3 c6 13. Bb3 Re8 14. a5 d5 15. Bc2 Be6
16. b4 Qd7 17. Be3 Bxe3 18. Rxe3 Rad8 19. Re1 Qc8 20. Qc1 Bxh3 21. gxh3 Qxh3 22.
Re3 d4 23. cxd4 exd4 24. Re2 Nf4 25. Qf1 Nxe2+ 26. Qxe2 Nd5 27. Rb1 Nc3 28. Qd2
Nxb1 29. Bxb1 Qg4 30. Kg2 Qd7 31. Ba2 Kh7 32. Qf4 g6 33. Bxf7 Rf8 34. Ne5 Qd6
35. Bxg6+ Qxg6 36. Nxg6 Rxf4 37. Nxf4 b6 38. Ne6 Rd6 39. Nc7 bxa5 40. bxa5 c5
41. Nf5 c4 42. Nxd6 c3 43. e5 c2 44. e6 c1=Q 45. e7 Qc6+ 46. Ne4 Qg6+ 47. Kf1
Qh5 48. e8=Q Qd1+ 49. Kg2 Qg4+ 50. Ng3 1-0

[Event "Chess24 Banter Blitz Cup"]
[Site "chess24.com INT"]
[Date "2019.12.28"]
[Round "2.12"]
[White "Quesada Perez, Yasser"]
[Black "Saric, Ivan"]
[Result "0-1"]
[WhiteTitle "GM"]
[BlackTitle "GM"]
[WhiteElo "2582"]
[BlackElo "2667"]
[WhiteFideId "3509362"]
[BlackFideId "14508150"]
[EventDate "2019.09.25"]
[EventType "blitz"]

1. e4 c5 2. Nf3 Nc6 3. Nc3 g6 4. Bb5 Bg7 5. O-O e5 6. d3 Nge7 7. Be3 d6 8. h3
O-O 9. a3 Nd4 10. Bc4 Kh8 11. Ng5 Qe8 12. f4 h6 13. Nf3 exf4 14. Bxf4 b5 15. Ba2
Qd7 16. Qd2 g5 17. Bh2 f5 18. exf5 Bb7 19. Ne4 Nexf5 20. c3 Nxf3+ 21. Rxf3 c4
22. Re1 Nh4 23. Rxf8+ Rxf8 24. Qe2 Re8 25. Qd1 Qf5 26. Bb1 cxd3 27. Nxd6 Qc5+ 0-1

[Event "Chess24 Banter Blitz Cup"]
[Site "chess24.com INT"]
[Date "2019.12.23"]
[Round "2.1"]
[White "Robson, Ray"]
[Black "Bok, Benjamin"]
[Result "1-0"]
[WhiteTitle "GM"]
[BlackTitle "GM"]
[WhiteElo "2670"]
[BlackElo "2640"]
[WhiteFideId "2023970"]
[BlackFideId "1017063"]
[EventDate "2019.09.25"]
[EventType "blitz"]

1. e4 c5 2. Nf3 d6 3. d4 cxd4 4. Nxd4 Nf6 5. Nc3 a6 6. Be3 e5 7. Nb3 Be6 8. f3
Be7 9. Qd2 O-O 10. O-O-O Nbd7 11. g4 b5 12. g5 Nh5 13. Nd5 Bxd5 14. exd5 f6 15.
gxf6 Bxf6 16. Na5 Nf4 17. Nc6 Qc7 18. Bd3 Nb6 19. Bxb6 Qxb6 20. Be4 Nh3 21. Qb4
Nf2 22. Qxd6 Qe3+ 23. Kb1 Nxd1 24. Qe6+ Kh8 25. Rxd1 Qe2 26. Rc1 Qxh2 27. d6 Bg5
28. Rd1 Qe2 29. Rh1 Bh6 30. Nxe5 Qg2 31. Rd1 Qe2 32. Rh1 Qg2 33. Rd1 Qe2 34. Qd5
Rad8 35. d7 Bg5 36. Nc6 Bf6 37. a3 h6 38. Rh1 Qg2 39. Rd1 Ra8 40. Qf5 Kg8 41.
Qd5+ Kh8 42. f4 Qg4 43. Bf5 Qxf4 44. Be6 Qg5 45. d8=Q Bxd8 46. Nxd8 Rfxd8 47.
Qxg5 hxg5 48. Ka2 Rxd1 49. Bb3 Rg1 50. c3 Rg2 51. Bd5 Rh2 52. Kb3 1-0

[Event "Chess24 Banter Blitz Cup"]
[Site "chess24.com INT"]
[Date "2019.12.23"]
[Round "2.2"]
[White "Bok, Benjamin"]
[Black "Robson, Ray"]
[Result "1-0"]
[WhiteTitle "GM"]
[BlackTitle "GM"]
[WhiteElo "2640"]
[BlackElo "2670"]
[WhiteFideId "1017063"]
[BlackFideId "2023970"]
[EventDate "2019.09.25"]
[EventType "blitz"]

1. c4 c6 2. g3 d5 3. Nf3 Bg4 4. Bg2 e6 5. Qb3 Qb6 6. O-O Nd7 7. d3 Bd6 8. Be3
Qxb3 9. axb3 a6 10. Bd4 e5 11. Bc3 Ne7 12. b4 O-O 13. Na3 Rfe8 14. Rfc1 e4 15.
dxe4 dxe4 16. Nd4 Nf6 17. h3 Bh5 18. Nac2 Rad8 19. Rd1 Bg6 20. Nb3 Nf5 21. Na5
e3 22. Nxe3 Nxe3 23. fxe3 Bxg3 24. Rxd8 Rxd8 25. Nxb7 Re8 26. Rxa6 h5 27. Bd4
Ne4 28. Rxc6 Rb8 29. Rxg6 Bf2+ 30. Kf1 Nd2+ 31. Kxf2 fxg6 32. Nd6 1-0